Zwierzęta według częśćiowego zdjęcia - Statystyki

Ogólne statystyki
  • Ten quiz został rozwiązany 26 razy
  • Średni wynik to 15 z 16
Statystyki odpowiedzi
Obrazkowy Odpowiedź % Poprawnych
Biedronka
100%
Kobra
100%
Orka
100%
Paw
100%
Pingwin Cesarski
100%
Tygrys
100%
Wielka Panda
100%
Zebra
100%
Żyrafa
100%
Indyk
96%
Motyl monarcha
96%
Błazenek
91%
Skunks
91%
Pancernik
78%
Czarna wdowa
61%
Jaguar
48%
Nie znaleziono quizów pasujących do podanych kryteriów
Rozkład punktacji
Procent ludzi z każdym wynikiem
Percentyl według liczby udzielonych odpowiedzi
Twoja historia wyników
Nie rozwiązałeś tego quizu